=LDR 00000nam 2200000 4500 =001 INLIS000000000048267 =005 20200205083015 =035 ##$$a 0010-101600000000025 =008 200205################g##########0#ind## =020 ##$$a 979-763-656-9 =082 ##$$a 006.54 =100 ##$$a - =245 1#$$a Tutorial 5 hari Mengolah Sound dengan Adobe Audition 2.0 /$c Editor, FI. Sigit Suyantoro =260 ##$:$b Andi,$c 2007 =300 ##$$a X, 202 Hlm : $b Illus ; $c 23 x 14 cm =850 ##$$a BPAP =084 ##$$a 006.54 TUT t =250 ##$$a Ed. I =650 #4$$a Komputer - Audio Sintesis =700 #$$a FI. Sigit Suyantoro =990 ##$$a 20707504 =990 ##$$a 20707506 =990 ##$$a 20707507 =990 ##$$a 20707505